ABC of Egyptian hieroglyphs

محفوظ في:

المؤلف الرئيسي: Jaromı́r. Málek

مؤلفون آخرون: Marion Cox, Ashmolean Museum

التنسيق: كتاب

اللغة: Undetermined

منشور في: Oxford Ashmolean Museum, 2002

الوسوم: إضافة وسم

لا توجد وسوم, كن أول من يضع وسما على هذه التسجيلة!

رقم الطلب: (P)PJ1097 .M32

LEADER 00389nam a2200145Ia 4500
008 240503s9999||||xx |||||||||||||| ||und||
020 |a 9781854440525 
050 4 |a (P)PJ1097 .M32 
100 1 |a Jaromı́r. Málek 
245 1 0 |a ABC of Egyptian hieroglyphs  
264 1 |a Oxford  |b Ashmolean Museum,  |c 2002 
300 |a 47  |c 20 
700 1 |a Marion Cox, Ashmolean Museum 
942 |2 lcc  |c PT 
999 |c 58271  |d 58271